000 00582nam a2200181Ia 4500
003 GCL
008 140319s9999 xx 000 0 ara d
040 _aGCL /
_cGCL
082 0 4 _a891.7
_bث ى
100 1 _aثريا حمدى
245 1 0 _aاليوم الثالث بعد عيد الميلاد وقصص اخرى (هدية من الاديب عبدالفتاح الجمل) /
_cثريا حمدى
700 1 _aاحمد زكى
300 _a132 ص
490 _a
650 0 4 _aالادب العالمى
650 0 4 _aالقصص العالمية المترجمة
942 _2ddc
_cBK
999 _c40135
_d40135